02660nkc a2200373za 450000100060000000300040000600500170001000700070002700800410003404000240007510000410009924500470014026000240018730000980021150002830030950001930059250000650078550001340085050001690098450400520115350500470120551001510125251002100140356101300161361000800174365100260182365500400184970000600188985200120194985601500196194200250211195201330213699900170226984669OSt20260323160816.0kh boc250410s19101911sp ||||| ||||||0| i|spa d aM-RABAbspacM-RABA1 aElorza, Lorenzod(1861-1931)911106810aMezquíab: Puerta de la Iglesiac/ L. E. c[ca. 1910 – 1911] a1 fotografíab: gelatina de platac; imagen 12 x 17 cmc; soporte secundario 21,5 x 26,5 cm aVista de la portada de la iglesia parroquial de la Asunción de Nuestra Señora en Mezquía, compuesta por arco apuntado con jambas baquetonadas en las que delimita el vano; las arquivoltas se apean sobre imposta lisa. En el centro figura Federico Baraibar con el párroco.  aFotografía montada sobre soporte secundario de cartulina azul enmarcada con orla en relieve. Título y numeración manuscrita que hace referencia a la posición en la serie “132”. aSello con monograma del fotógrafo en tinta roja “L.E.” aFechas tomadas de la ejecución del positivo de las fotografías, incluido el soporte secundario. (Soto Madrazo, Javier. 2008). aForma parte de un conjunto de 167 fotografías empleadas por Federico Baráibar Zumárraga para la elaboración del Inventario del Románico en Álava (1911). aBaraibar, F.: "Rincones artísticos", M. 1914. aMezquía.- Puerta de la Iglesia. / L. E.  aDescripción tomada de: Soto Madrazo, Javier (2008). Federico Baraibar y el Inventario del Románico en Álava: una caja con 167 fotografías. aEsta colección fue utilizada posteriormente por Cristóbal de Castro para la elaboración y publicación del "Catálogo Monumental de España: provincia de Álava", Madrid, S. de Rivadeneira, 1915. aDonadas junto con la memoria manuscrita a la Academia por el mismo Baraibar (Sesión 12 de febrero de 1912, Archivo: 4-32-1)27aIglesia parroquial de la Asunción de Nuestra Señora (Mezquía)9111643 7aÁlava2embne975661 0aFotografías de monumentos91115801 aBaráibar y Zumárraga, Federico d(1851-1918)912926 jFot-241 3Fot-241uhttps://archivoybiblioteca.realacademiabellasartessanfernando.com/cgi-bin/koha/opac-retrieve-file.pl?id=f856ea8fc2547958a21f4c2625defa0d 2ddccFOTOGRAFÍAn0 00102ddc40708FOTOGRAFIAaRABASFbRABASFcDP2d2025-05-05l0oFot-241p1095555r2025-05-05 10:19:50w2025-05-05yFOTOGRAFÍA c84669d84669